| 000 | 00796nam a22002297a 4500 | ||
|---|---|---|---|
| 005 | 20251108173124.0 | ||
| 008 | 250721s2004 xx 000 0 ara d | ||
| 020 | _a9775526892 | ||
| 082 | 1 | 4 | _a621.32/عبد |
| 100 | 1 | _aعبد المتعال، أحمد | |
| 245 | 1 | 0 | _aدوائر عملية لأجهزة شحن البطاريات و إضاءة الطوارىء / |
| 264 | 1 |
_aالقاهرة : _bدار النشر للجامعات، _c2004. |
|
| 300 | _a189ص | ||
| 490 | 0 |
_aسلسلة المشاريع الإلكترونية _v8 |
|
| 650 | 1 | 7 | _aالهندسة الإلكترونية |
| 650 | 1 | 7 | _aالبطاريات |
| 650 | 1 | 7 | _aالإضاءة |
| 650 | 1 | 7 | _aالبطاريات الكهربائية |
| 700 | 1 | _aمتولي، حمدي السيد | |
| 942 |
_2ddc _cBK |
||
| 999 |
_c96562 _d96562 |
||